| 000 | 00941nam a2200205Ia 4500 | ||
|---|---|---|---|
| 008 | 0000001992 sp a 0000000000spa00 | ||
| 090 | _aPSP00 T16s | ||
| 100 | 1 |
_aTápies, Antoni _d1923 |
|
| 245 | 1 | 3 |
_aTápies _b: una selección de pinturas de Antoni Tápies 19611989 _c/ fotografías Elena Guereta, Melli Pérez Madero |
| 300 |
_a37 p. _c/ 33 cm. |
||
| 500 | _aExposición realizada en la Galería Nieves Fernández de Madrid, de febrero a mayo , 1992 \ Con el patronazgo del maestro venezolano Jesús Rafael Soto (q.e.p.d.) \ Registro auspiciado por el IDCT. Bogotá | ||
| 600 | 0 | 0 |
_aTAPIES, ANTONIO, 1923201/ _xTRABAJOS PICTORICOS |
| 650 | 1 | 4 | _a ARTE CONTEMPORANEO ESPAÑOL |
| 650 | 1 | 4 | _aARTISTAS PLASTICOS ESPAÑOLES |
| 650 | 1 | 4 | _xCATALOGOS |
| 650 | 1 | 4 | _xEXPOSICIONES |
| 650 | 1 | 4 | _aPINTORES ESPAÑOLES |
| 700 | 1 | _aGuereta, Elena G. \ Pérez Madero, Melli | |
| 999 |
_c3907 _d3907 |
||
| 260 |
_aMadrid : Galería Nieves Fernández _c1992 |
||